Thêm một vài ý kiến đánh giá công cuộc kháng Pháp do triều Nguyễn lãnh đạo nửa sau thế kỉ XIX /
Saved in:
| Main Author: | |
|---|---|
| Format: | Article |
| Language: | Vietnamese |
| Subjects: | |
| Tags: |
Add Tag
No Tags, Be the first to tag this record!
|
| Institutions: | Thư viện Trường Đại học Đà Lạt |
|---|
| LEADER | 00901nam a2200253 4500 | ||
|---|---|---|---|
| 001 | DLU170180144 | ||
| 005 | ##20170609 | ||
| 040 | # | # | |a DLU |b vie |
| 041 | # | # | |a vie |
| 044 | # | # | |a vn |
| 100 | # | # | |a Nguyễn Thanh Tiến. |
| 245 | # | # | |a Thêm một vài ý kiến đánh giá công cuộc kháng Pháp do triều Nguyễn lãnh đạo nửa sau thế kỉ XIX / |c Nguyễn Thanh Tiến. |
| 653 | # | # | |a Công cuộc kháng Pháp |
| 653 | # | # | |a Triều Nguyễn |
| 653 | # | # | |a Vua Tự Đức |
| 773 | # | # | |t Tạp chí Khoa học Đại học Sư phạm TP. Hồ Chí Minh: Khoa học xã hội và nhân văn |g Số 10(76) 2015, tr. 44-55 |
| 920 | # | # | |a Phòng Tạp chí -- Trung tâm Thông tin - Thư viện Trường Đại học Đà Lạt |
| 900 | # | # | |a True |
| 911 | # | # | |a Nguyễn Thị Thu Phương |
| 925 | # | # | |a G |
| 926 | # | # | |a A |
| 927 | # | # | |a BB |
| 980 | # | # | |a Thư viện Trường Đại học Đà Lạt |